000 00583nam a2200157 4500
001 116735
003 ES-MaACL
007 t|
008 061121m19311934it r ||||1| ita d
100 1 _aPascoli, Giovanni.
_989333
245 1 0 _aPoesie /
_cGiovanni Pascoli.
260 _aMilano :
_bA. Mondadori,
_c1931-1934.
300 _a5 v. ;
_c23 cm.
505 8 _aContiene: V. II. Primi poemetti. - V. III. Nuovi poemetti. - V. IV. Canti di Castelvecchio. - V. IX. Poemi del Risorgimiento. Inno a Roma. Inno Torino. - V. X. Poemi italici e canzoni di Re Enzio.
852 _aES-MaACL
_jP-658
999 _c116735
_d116735